000
00279nam a22001217a 4500
008
181106b xxu||||| |||| 00| 0 eng d
041
_a
eng
080
_a
370
100
_a
47
101
_a
Edu
245
_a
College Skills STatehies, For Success
_c
HOPER.C H
942
_2
udc
_c
BK
999
_c
51963
_d
51963